[Event "SLO-chT2 East"]
[Site "Slovenia"]
[Date "2018.09.29"]
[Round "3"]
[White "Mohr, Pablo"]
[Black "Janzekovic, Alja"]
[Result "1-0"]
[WhiteElo "1787"]
[BlackElo "1531"]
[PlyCount "65"]
[EventDate "2018.09.15"]
[EventType "team-tourn"]
[EventRounds "9"]
[EventCountry "SLO"]
[SourceTitle "EXT 2021"]
[Source "ChessBase"]
[SourceDate "2020.10.23"]
[SourceVersion "1"]
[SourceVersionDate "2020.10.23"]
[SourceQuality "1"]
[WhiteTeam "Maribor ZSK III"]
[BlackTeam "Ptuj SD II"]
[WhiteTeamCountry "SLO"]
[BlackTeamCountry "SLO"]

1. e4 e5 2. Nc3 Nf6 3. f4 d6 4. Nf3 Nbd7 5. Bc4 Be7 6. d3 exf4 7. Bxf4 Nb6 8. Bb3 0-0 9. 0-0 Nh5 10. Be3 Bg4 11. h3 Bc8 12. Nd4 Nf6 13. Qf3 Nbd7 14. Nf5 Ne5 15. Qg3 Bxf5 16. Rxf5 Kh8 17. Raf1 Ng6 18. d4 d5 19. e5 Nd7 20. Nxd5 f6 21. exf6 Nxf6 22. Nxe7 Qxe7 23. Bg5 c6 24. Qf2 Rad8 25. c3 Rd6 26. h4 Qd7 27. Rf3 Qc8 28. Qg3 Rdd8 29. Bxf6 gxf6 30. Rxf6 Rxf6 31. Rxf6 Qb8 32. Qg5 Rf8 33. Rxg6 1-0

[Event "SLO-chT (Women)"]
[Site "Domzale"]
[Date "2016.04.01"]
[Round "1.2"]
[White "Mihevc Mohr, Narcisa"]
[Black "Janzekovic, Alja"]
[Result "1/2-1/2"]
[WhiteElo "2101"]
[BlackElo "1508"]
[PlyCount "93"]
[EventDate "2016.04.01"]
[EventType "team-tourn"]
[EventRounds "7"]
[EventCountry "SLO"]
[SourceTitle "EXT 2019"]
[Source "ChessBase"]
[SourceDate "2018.10.10"]
[SourceVersion "1"]
[SourceVersionDate "2018.10.10"]
[SourceQuality "1"]
[WhiteTeam "Maribor ZSK (W)"]
[BlackTeam "Ptuj (W)"]
[WhiteTeamCountry "SLO"]
[BlackTeamCountry "SLO"]

1. e4 e5 2. Nf3 Nc6 3. Nc3 Nf6 4. a3 d5 5. Bb5 d4 6. Ne2 Bd6 7. d3 h6 8. c3 dxc3 9. bxc3 0-0 10. 0-0 a6 11. Ba4 Re8 12. Ng3 Bd7 13. Bc2 Na5 14. Nf5 Bxf5 15. exf5 e4 16. dxe4 Nxe4 17. Re1 Nf6 18. Rxe8+ Qxe8 19. Bd3 Nc6 20. Be3 Ne5 21. Bd4 Nxd3 22. Qxd3 Qd8 23. Qe2 c5 24. Be5 Bxe5 25. Qxe5 b6 26. h3 Ra7 27. Re1 Kf8 28. Qf4 Qc7 29. Ne5 Qc8 30. Nc4 b5 31. Qd6+ Kg8 32. Nb6 Qc7 33. Rd1 Qxd6 34. Rxd6 Ne4 35. Rd8+ Kh7 36. Nd5 Nf6 37. Nxf6+ gxf6 38. Rd6 Kg7 39. Kf1 Ra8 40. Ke2 Ra7 41. Rc6 c4 42. Rd6 Re7+ 43. Kf3 a5 44. Rd5 Rb7 45. Ke3 Kf8 46. Kd4 Ke7 47. a4 1/2-1/2

[Event "Ptuj op 01"]
[Site "Ptuj"]
[Date "2014.01.25"]
[Round "8"]
[White "Janzekovic, Alja"]
[Black "Kramberger, Mitja"]
[Result "1/2-1/2"]
[WhiteElo "1557"]
[BlackElo "1825"]
[PlyCount "55"]
[EventDate "2014.01.17"]
[EventType "swiss"]
[EventRounds "9"]
[EventCountry "SLO"]
[SourceTitle "EXT 2016"]
[Source "ChessBase"]
[SourceDate "2015.10.08"]
[SourceVersion "1"]
[SourceVersionDate "2015.10.08"]
[SourceQuality "1"]

1. e4 c5 2. c3 d5 3. exd5 Qxd5 4. d4 Nc6 5. Nf3 Bg4 6. Be2 e6 7. 0-0 Nf6 8. h3 Bh5 9. Be3 cxd4 10. Nxd4 Bxe2 11. Qxe2 Nxd4 12. Bxd4 Qc6 13. Nd2 Be7 14. Nf3 0-0 15. Rfd1 Rfd8 16. Rd2 Qe4 17. Qxe4 Nxe4 18. Rd3 Rd6 19. Re1 Nf6 20. Bxf6 gxf6 21. Rxd6 Bxd6 22. Rd1 Rd8 23. Kf1 Kf8 24. Ke2 Ke7 25. Nd4 Bc5 26. Rd2 Bxd4 27. Rxd4 Rxd4 28. cxd4 1/2-1/2

[Event "Ptuj op 01"]
[Site "Ptuj"]
[Date "2014.01.24"]
[Round "6"]
[White "Janzekovic, Alja"]
[Black "Zajsek, Franc"]
[Result "0-1"]
[WhiteElo "1557"]
[BlackElo "1804"]
[PlyCount "100"]
[EventDate "2014.01.17"]
[EventType "swiss"]
[EventRounds "9"]
[EventCountry "SLO"]
[SourceTitle "EXT 2016"]
[Source "ChessBase"]
[SourceDate "2015.10.08"]
[SourceVersion "1"]
[SourceVersionDate "2015.10.08"]
[SourceQuality "1"]

1. e4 c6 2. d4 d5 3. Nc3 dxe4 4. Nxe4 Bf5 5. Ng3 Bg6 6. Nf3 Nd7 7. Bc4 e6 8. 0-0 Ngf6 9. Bg5 Qb6 10. Rb1 Bb4 11. a3 Bd6 12. Re1 0-0 13. Bd3 Bxd3 14. Qxd3 h6 15. Bxf6 Nxf6 16. Ne4 Be7 17. c3 Rfd8 18. Qe2 a5 19. Ne5 a4 20. Nxf6+ Bxf6 21. Qh5 Qc7 22. f4 Ra5 23. Re3 Bxe5 24. Rxe5 Rdd5 25. Rbe1 Rab5 26. Qe2 Qb6 27. Rxd5 Rxd5 28. Rb1 Rb5 29. Qc2 Rb3 30. Qe2 Rxc3 31. Rd1 Rb3 32. Rd2 c5 33. dxc5 Qxc5+ 34. Kf1 Re3 35. Qd1 Qc4+ 36. Kf2 Qxf4+ 37. Kg1 Qe5 38. Kf1 Qf5+ 39. Kg1 Rb3 40. Rf2 Qc5 41. Kf1 Qb5+ 42. Qe2 Qxe2+ 43. Rxe2 Kf8 44. Rd2 Ke7 45. Ke2 b5 46. Kd1 e5 47. Kc2 f5 48. Re2 Ke6 49. Rd2 g5 50. Rf2 e4 0-1

[Event "Wch U14 Girls"]
[Site "Maribor"]
[Date "2012.11.15"]
[Round "8.56"]
[White "Kokanovic, Zana"]
[Black "Janzekovic, Alja"]
[Result "1/2-1/2"]
[WhiteElo "1493"]
[BlackElo "1544"]
[PlyCount "50"]
[EventDate "2012.11.08"]
[EventType "swiss"]
[EventRounds "11"]
[EventCountry "SLO"]
[SourceTitle "EXT 2013"]
[Source "ChessBase"]
[SourceDate "2012.11.22"]
[SourceVersion "1"]
[SourceVersionDate "2012.11.22"]
[SourceQuality "1"]

1. d4 d5 2. Nf3 e6 3. Bf4 Bd6 4. e3 Bxf4 5. exf4 Ne7 6. c3 c6 7. Bd3 Nd7 8. 0-0 0-0 9. Nbd2 Nf6 10. Ne5 Ng6 11. Qf3 Qd6 12. Qe3 b6 13. Ndf3 c5 14. Rac1 cxd4 15. Nxd4 Qc5 16. Rfe1 Nd7 17. Nxg6 hxg6 18. Qg3 Nf6 19. Qh4 Qd6 20. Nf3 Nh5 21. Ne5 Qd8 22. Qg4 Nf6 23. Qh3 Nh7 24. Qe3 Nf6 25. g3 Bb7 1/2-1/2

[Event "SLO-chT U20"]
[Site "Koper"]
[Date "2012.08.29"]
[Round "3"]
[White "Janzekovic, Alja"]
[Black "Bernik, Alja"]
[Result "0-1"]
[WhiteElo "1530"]
[BlackElo "1659"]
[PlyCount "118"]
[EventDate "2012.08.28"]
[EventType "team-tourn"]
[EventRounds "7"]
[EventCountry "SLO"]
[SourceTitle "EXT 2022"]
[Source "ChessBase"]
[SourceDate "2021.10.06"]
[SourceVersion "1"]
[SourceVersionDate "2021.10.06"]
[SourceQuality "1"]

1. e4 e5 2. Nf3 Nc6 3. Bc4 Nf6 4. d3 Be7 5. 0-0 0-0 6. Nc3 d6 7. h3 Na5 8. Bb3 Nxb3 9. axb3 h6 10. Be3 a6 11. Qd2 Nh7 12. Ne2 f5 13. exf5 Bxf5 14. Ng3 Bxh3 15. Nxe5 Bxg2 16. Kxg2 dxe5 17. Qc3 Qd5+ 18. Kg1 Bd6 19. Ra4 Qf3 20. Qc4+ Kh8 21. Qe4 b6 22. Qxf3 Rxf3 23. Raa1 c5 24. Ne4 Bc7 25. Kg2 Rf7 26. Rh1 Nf6 27. Ng3 Nd5 28. Bd2 Nf4+ 29. Bxf4 exf4 30. Ne4 f3+ 31. Kf1 Rf5 32. Rh3 a5 33. Re1 Kh7 34. Re3 Raf8 35. Rexf3 Rxf3 36. Ng5+ Kg8 37. Nxf3 Rf6 38. Ke2 Bf4 39. Rh4 Bc1 40. Re4 Bxb2 41. Nd2 Bd4 42. Nf3 Bb2 43. Nd2 Bc1 44. Nf3 g5 45. Nh2 Bf4 46. Ng4 Rd6 47. f3 h5 48. Nf2 Kf7 49. Nh3 Rf6 50. Nxf4 Rxf4 51. Re5 Kg6 52. Re6+ Rf6 53. Re4 Kf5 54. Kf2 Re6 55. Rxe6 Kxe6 56. Kg3 b5 57. c4 a4 58. cxb5 axb3 59. b6 b2 0-1

[Event "SLO-chT U20"]
[Site "Koper"]
[Date "2012.08.29"]
[Round "2"]
[White "Nemec, Hana"]
[Black "Janzekovic, Alja"]
[Result "1-0"]
[WhiteElo "1661"]
[BlackElo "1530"]
[PlyCount "113"]
[EventDate "2012.08.28"]
[EventType "team-tourn"]
[EventRounds "7"]
[EventCountry "SLO"]
[SourceTitle "EXT 2022"]
[Source "ChessBase"]
[SourceDate "2021.10.06"]
[SourceVersion "1"]
[SourceVersionDate "2021.10.06"]
[SourceQuality "1"]

1. d4 d5 2. c4 e6 3. Nc3 Nf6 4. Nf3 Be7 5. Bg5 0-0 6. e3 h6 7. Bh4 Ne4 8. Bxe7 Qxe7 9. Rc1 c6 10. Bd3 Nxc3 11. Rxc3 dxc4 12. Bxc4 Nd7 13. 0-0 Nb6 14. Bd3 Nd5 15. Rc5 Rd8 16. a3 Bd7 17. b4 b6 18. Rc4 a5 19. Qb3 axb4 20. axb4 Rdc8 21. e4 Nf6 22. Rfc1 Qe8 23. Qc2 Rab8 24. Ne5 c5 25. Nxd7 Qxd7 26. bxc5 bxc5 27. Rxc5 Rxc5 28. Qxc5 Qb7 29. Qc6 Qxc6 30. Rxc6 g5 31. f3 Rb4 32. d5 exd5 33. Rxf6 dxe4 34. Bxe4 Kg7 35. Rc6 Rd4 36. Rc2 Kf6 37. Kf2 Rd6 38. Rc6 Rxc6 39. Bxc6 Ke5 40. Ke3 f5 41. Be8 f4+ 42. Kd3 Kd5 43. Bf7+ Ke5 44. Kc4 Kf6 45. Bh5 Ke6 46. Kd4 Kd6 47. Bg4 Ke7 48. Ke5 Kf7 49. Bh5+ Kg7 50. Ke6 Kh8 51. Kf6 Kh7 52. Kf7 Kh8 53. Kg6 Kg8 54. Kxh6 Kf8 55. Kxg5 Kg7 56. Kxf4 Kh6 57. g4 1-0

[Event "EU Union-ch U14 10th"]
[Site "Mureck"]
[Date "2012.08.06"]
[Round "6"]
[White "Janzekovic, Alja"]
[Black "Murko, David"]
[Result "0-1"]
[WhiteElo "1530"]
[BlackElo "1556"]
[PlyCount "44"]
[EventDate "2012.08.01"]
[EventType "swiss"]
[EventRounds "9"]
[EventCountry "AUT"]
[SourceTitle "CBM 149 Extra"]
[Source "ChessBase"]
[SourceDate "2012.08.24"]
[SourceVersion "1"]
[SourceVersionDate "2012.08.24"]
[SourceQuality "1"]

1. e4 e5 2. Nf3 Nf6 3. Nxe5 d6 4. Nf3 Nxe4 5. d4 d5 6. Bd3 Nc6 7. c4 Bb4+ 8. Bd2 Nxd2 9. Nbxd2 0-0 10. 0-0 Be6 11. cxd5 Bxd5 12. Bc4 Bxd2 13. Bxd5 Qxd5 14. Qxd2 Rad8 15. Rfd1 Rfe8 16. b3 Re4 17. Re1 Nxd4 18. Nxd4 Qxd4 19. Qg5 Rde8 20. Qc1 Qxa1 21. Qxa1 Rxe1+ 22. Qxe1 Rxe1# 0-1

[Event "SLO-ch U14 Girls"]
[Site "Debeli Rtic"]
[Date "2012.02.24"]
[Round "7"]
[White "Janzekovic, Alja"]
[Black "Pavlic, Petra"]
[Result "0-1"]
[WhiteElo "1546"]
[BlackElo "1538"]
[PlyCount "109"]
[EventDate "2012.02.18"]
[EventType "swiss"]
[EventRounds "7"]
[EventCountry "SLO"]
[SourceTitle "EXT 2022"]
[Source "ChessBase"]
[SourceDate "2021.10.06"]
[SourceVersion "1"]
[SourceVersionDate "2021.10.06"]
[SourceQuality "1"]

1. e4 Nf6 2. e5 Nd5 3. c4 Nb6 4. d4 d6 5. exd6 cxd6 6. Nf3 g6 7. Nc3 Bg7 8. Be3 Nc6 9. Be2 0-0 10. 0-0 Bg4 11. b3 d5 12. c5 Nc8 13. h3 Bxf3 14. Bxf3 e6 15. Qd2 N8e7 16. Ne2 Nf5 17. Rfe1 Nh4 18. Bg4 f5 19. Bg5 Bf6 20. Bxh4 fxg4 21. Bg3 gxh3 22. gxh3 Qd7 23. Qe3 Rae8 24. Bd6 Rf7 25. f4 Ne7 26. Ng3 Bh4 27. Be5 b6 28. cxb6 axb6 29. Rac1 Nc6 30. Rc3 Ref8 31. Rec1 Nxe5 32. fxe5 Qa7 33. a4 Qa6 34. Kg2 Bxg3 35. Kxg3 Rf5 36. Rc7 Rf3+ 37. Qxf3 Rxf3+ 38. Kxf3 Qd3+ 39. Kg2 Qxd4 40. Rc8+ Kg7 41. R1c7+ Kh6 42. Rc6 Qe4+ 43. Kf1 Qxe5 44. Re8 Qf4+ 45. Kg2 e5 46. Ree6 e4 47. Rxb6 Qf3+ 48. Kh2 e3 49. Rb7 Qf4+ 50. Kg2 Qf2+ 51. Kh1 d4 52. Rbe7 d3 53. Rxe3 d2 54. Rd3 Qf1+ 55. Kh2 0-1

[Event "SLO-ch U14 Girls"]
[Site "Debeli Rtic"]
[Date "2012.02.19"]
[Round "2"]
[White "Janzekovic, Alja"]
[Black "Unuk, Laura"]
[Result "0-1"]
[WhiteElo "1546"]
[BlackElo "1845"]
[PlyCount "110"]
[EventDate "2012.02.18"]
[EventType "swiss"]
[EventRounds "7"]
[EventCountry "SLO"]
[SourceTitle "EXT 2022"]
[Source "ChessBase"]
[SourceDate "2021.10.06"]
[SourceVersion "1"]
[SourceVersionDate "2021.10.06"]
[SourceQuality "1"]

1. e4 d5 2. exd5 Qxd5 3. Nc3 Qd6 4. d4 Nf6 5. Nf3 c6 6. Be2 Bf5 7. 0-0 e6 8. h3 Nbd7 9. Be3 Be7 10. Nh4 Bg6 11. Nxg6 hxg6 12. Qd3 0-0-0 13. Bf3 Qc7 14. Ne2 Ne5 15. Bf4 Nxd3 16. Bxc7 Kxc7 17. cxd3 Nd5 18. a3 Bf6 19. Rac1 Nb6 20. Rfd1 Bxd4 21. Nxd4 Rxd4 22. Kf1 Rhd8 23. Ke2 Nd7 24. Ke3 Ne5 25. Be2 g5 26. Rc5 f6 27. g3 Ng6 28. Rc4 R4d6 29. Bh5 Ne5 30. Rc3 g6 31. Be2 Nf7 32. Bf3 f5 33. g4 e5 34. Rcc1 Rd4 35. Rc4 Rxc4 36. dxc4 Re8 37. Rd2 e4 38. Bd1 Ne5 39. b3 Rh8 40. Bc2 Rxh3+ 41. Ke2 Nxg4 42. Kf1 e3 43. fxe3 Nxe3+ 44. Ke1 Nxc2+ 45. Rxc2 Rh1+ 46. Kd2 Rh2+ 47. Kd3 Rxc2 48. Kxc2 g4 49. Kd2 f4 50. Ke2 g3 51. Kf3 g5 52. Kg2 g4 53. Kf1 f3 54. Kg1 Kd6 55. Kf1 Ke5 0-1